Faramir - Statistics

General Stats
  • This quiz has been taken 18 times
    17 since last reset
  • The average score is 8 of 11
Answer Stats
Hint Answer % Correct
Age 120
100%
Sibling(s) Boromir
100%
Children Elboron
100%
Spouse Éowyn
100%
Race Men
100%
Parents Denethor II and Finduilas
50%
Death February 26, FO 82
50%
Realm(s) Ithilien and Emyn Arnen
50%
Culture House of Húrin
50%
Birth TA 2983
50%
Rule 84
0%
No matching quizzes found
Score Distribution
Percent of People with Each Score
Percentile by Number Answered
Your Score History
You have not taken this quiz since the last reset